01373nam a2200265Ia 4500001000600000003000900006008004100015040001300056040001300069041001300082100001900095100002900114245003500143245007100178250001100249260001200260260001600272260004900288300005800337500061500395650002601010650003101036700001101067700002901078H2472IT-RoPAU130308s9999 xx 000 0 und d aIT-RoPAU cIT-RoPAU aITALIANO aFenati Barbara gCodice Aut. SPICS: 19041 aFormati e pubblici della radio bRadio (La). Percorsi e territori di un medium mobile e Interattivo a1a ed. aBOLOGNA bBaskerville c2002 [1° Ed.:2002 - Ed.Ling.Originale:2002] a"88 p. (prefazione: no ; testo: 88 [pagine: 67-154])" aFare la Radio Negli Anni 2000 di B. Fenati. Radio Pubblica, Radio di Servizio, Radio Nazionale di F. Monteleone. Il successo dell'impresa Radiofonicadi P. Varvello. Radio Attivi: Il Grande ritorno delle Onde di I. Moscati. Ascoltatori che Partecipano: le Telefonate in 12 Radio italiane di F. tonello. Sull'Onda degli Ascolti: I tanti pubblici della Radio di G. Roberti. Qualche ragionamento su un futuro Radioso di A. Testa. La Pubblicità Radiofonica: tra Creatività e Convenzionalità di C. Cacciari. Radio e Industria Discografica: l'evoluzione dei Rapporti Fra Partnership e competizione di D. Doglio. aTEORICHE RADIOFONICHE eCodice materia Spics: 6905 aAA.VV. gCodice Aut. SPICS: 12000